<?xml version="1.0" encoding="UTF-8"?>
<record
    xmlns:xsi="http://www.w3.org/2001/XMLSchema-instance"
    xsi:schemaLocation="http://www.loc.gov/MARC21/slim http://www.loc.gov/standards/marcxml/schema/MARC21slim.xsd"
    xmlns="http://www.loc.gov/MARC21/slim">

  <leader>02837nam a22003257a 4500</leader>
  <controlfield tag="003">NALT</controlfield>
  <controlfield tag="005">20231028144801.0</controlfield>
  <controlfield tag="008">230918b        th ||||| |||| 00| 0 tha d</controlfield>
  <datafield tag="020" ind1=" " ind2=" ">
    <subfield code="a">9786161805371</subfield>
  </datafield>
  <datafield tag="040" ind1=" " ind2=" ">
    <subfield code="a">NALT</subfield>
  </datafield>
  <datafield tag="041" ind1="1" ind2=" ">
    <subfield code="a">tha</subfield>
    <subfield code="h">jpn</subfield>
  </datafield>
  <datafield tag="050" ind1=" " ind2=" ">
    <subfield code="a">RA 777.6</subfield>
    <subfield code="b">&#xE0A;576&#xE01; 2558</subfield>
  </datafield>
  <datafield tag="100" ind1="1" ind2=" ">
    <subfield code="9">24222</subfield>
    <subfield code="a">&#xE0A;&#xE34;&#xE23;&#xE30;&#xE0B;&#xE30;&#xE27;&#xE30;, &#xE17;&#xE30;&#xE04;&#xE38;&#xE08;&#xE34;</subfield>
  </datafield>
  <datafield tag="245" ind1="1" ind2="0">
    <subfield code="a">&#xE01;&#xE0E;&#xE41;&#xE2B;&#xE48;&#xE07;&#xE2D;&#xE32;&#xE22;&#xE38;&#xE22;&#xE37;&#xE19; 100 &#xE1B;&#xE35; &#xE44;&#xE21;&#xE48;&#xE2D;&#xE49;&#xE27;&#xE19; &#xE44;&#xE21;&#xE48;&#xE41;&#xE01;&#xE48; &#xE44;&#xE21;&#xE48;&#xE2B;&#xE25;&#xE07; /</subfield>
    <subfield code="c">&#xE0A;&#xE34;&#xE23;&#xE30;&#xE0B;&#xE30;&#xE27;&#xE30; &#xE17;&#xE30;&#xE04;&#xE38;&#xE08;&#xE34;, &#xE40;&#xE02;&#xE35;&#xE22;&#xE19; ; &#xE40;&#xE21;&#xE18;&#xE34;&#xE19;&#xE35; &#xE19;&#xE38;&#xE0A;&#xE19;&#xE32;&#xE04;&#xE32;, &#xE41;&#xE1B;&#xE25; ; &#xE42;&#xE04;&#xE21;&#xE34;&#xE08;&#xE34; &#xE40;&#xE21;&#xE42;&#xE01;&#xE30; &#xE27;&#xE32;&#xE14;&#xE20;&#xE32;&#xE1E;&#xE1B;&#xE23;&#xE30;&#xE01;&#xE2D;&#xE1A;.</subfield>
  </datafield>
  <datafield tag="250" ind1=" " ind2=" ">
    <subfield code="a">&#xE1E;&#xE34;&#xE21;&#xE1E;&#xE4C;&#xE04;&#xE23;&#xE31;&#xE49;&#xE07;&#xE17;&#xE35;&#xE48; 1.</subfield>
  </datafield>
  <datafield tag="260" ind1=" " ind2=" ">
    <subfield code="a">&#xE01;&#xE23;&#xE38;&#xE07;&#xE40;&#xE17;&#xE1E;&#xE2F; :</subfield>
    <subfield code="b">&#xE2D;&#xE21;&#xE23;&#xE34;&#xE19;&#xE17;&#xE23;&#xE4C;&#xE40;&#xE2E;&#xE25;&#xE17;&#xE4C;,</subfield>
    <subfield code="c">2558.</subfield>
  </datafield>
  <datafield tag="300" ind1=" " ind2=" ">
    <subfield code="a">211 &#xE2B;&#xE19;&#xE49;&#xE32; :</subfield>
    <subfield code="b">&#xE20;&#xE32;&#xE1E;&#xE1B;&#xE23;&#xE30;&#xE01;&#xE2D;&#xE1A; ;</subfield>
    <subfield code="c">21 &#xE0B;&#xE21;.</subfield>
  </datafield>
  <datafield tag="490" ind1=" " ind2="0">
    <subfield code="a">&#xE0A;&#xE38;&#xE14;&#xE0A;&#xE35;&#xE27;&#xE34;&#xE15;&#xE41;&#xE25;&#xE30;&#xE2A;&#xE38;&#xE02;&#xE20;&#xE32;&#xE1E;</subfield>
    <subfield code="v">&#xE25;&#xE33;&#xE14;&#xE31;&#xE1A;&#xE17;&#xE35;&#xE48; 184</subfield>
  </datafield>
  <datafield tag="500" ind1=" " ind2=" ">
    <subfield code="a">&#xE41;&#xE1B;&#xE25;&#xE08;&#xE32;&#xE01; 100-sai made kireide irareru kiso chishiki 101.</subfield>
  </datafield>
  <datafield tag="505" ind1="1" ind2=" ">
    <subfield code="a">&#xE1A;&#xE17;&#xE17;&#xE35;&#xE48; 1 &#xE40;&#xE04;&#xE25;&#xE47;&#xE14;&#xE25;&#xE31;&#xE1A;&#xE2B;&#xE38;&#xE48;&#xE19;&#xE2A;&#xE27;&#xE22;&#xE41;&#xE25;&#xE30;&#xE2A;&#xE38;&#xE02;&#xE20;&#xE32;&#xE1E;&#xE17;&#xE35;&#xE48;&#xE14;&#xE35;&#xE2D;&#xE22;&#xE48;&#xE32;&#xE07;&#xE41;&#xE17;&#xE49;&#xE08;&#xE23;&#xE34;&#xE07; &#xE04;&#xE39;&#xE48;&#xE21;&#xE37;&#xE2D;&#xE1E;&#xE23;&#xE49;&#xE2D;&#xE21;&#xE43;&#xE0A;&#xE49; &#xE40;&#xE23;&#xE34;&#xE48;&#xE21;&#xE15;&#xE31;&#xE49;&#xE07;&#xE41;&#xE15;&#xE48;&#xE27;&#xE31;&#xE19;&#xE1E;&#xE23;&#xE38;&#xE48;&#xE07;&#xE19;&#xE35;&#xE49;&#xE40;&#xE1B;&#xE47;&#xE19;&#xE15;&#xE49;&#xE19;&#xE44;&#xE1B; -- &#xE1A;&#xE17;&#xE17;&#xE35;&#xE48; 2 &#xE40;&#xE04;&#xE25;&#xE47;&#xE14;&#xE25;&#xE31;&#xE1A;&#xE40;&#xE1E;&#xE37;&#xE48;&#xE2D;&#xE1C;&#xE34;&#xE27;&#xE2A;&#xE27;&#xE22;&#xE40;&#xE1B;&#xE25;&#xE48;&#xE07;&#xE1B;&#xE23;&#xE30;&#xE01;&#xE32;&#xE22;&#xE08;&#xE32;&#xE01;&#xE20;&#xE32;&#xE22;&#xE43;&#xE19; &#xE40;&#xE2A;&#xE23;&#xE34;&#xE21;&#xE40;&#xE17;&#xE04;&#xE19;&#xE34;&#xE04;&#xE40;&#xE25;&#xE47;&#xE01;&#xE46; &#xE19;&#xE49;&#xE2D;&#xE22;&#xE46; &#xE43;&#xE19;&#xE01;&#xE32;&#xE23;&#xE23;&#xE31;&#xE1A;&#xE1B;&#xE23;&#xE30;&#xE17;&#xE32;&#xE19;&#xE2D;&#xE32;&#xE2B;&#xE32;&#xE23; &#xE2A;&#xE23;&#xE49;&#xE32;&#xE07;&#xE04;&#xE27;&#xE32;&#xE21;&#xE40;&#xE1B;&#xE25;&#xE35;&#xE48;&#xE22;&#xE19;&#xE41;&#xE1B;&#xE25;&#xE07;&#xE17;&#xE35;&#xE48;&#xE40;&#xE01;&#xE34;&#xE14;&#xE04;&#xE32;&#xE14; -- &#xE1A;&#xE17;&#xE17;&#xE35;&#xE48; 3 &#xE40;&#xE04;&#xE25;&#xE47;&#xE14;&#xE25;&#xE31;&#xE1A;&#xE2D;&#xE22;&#xE39;&#xE48;&#xE22;&#xE37;&#xE19;&#xE2D;&#xE22;&#xE48;&#xE32;&#xE07;&#xE40;&#xE1B;&#xE47;&#xE19;&#xE2A;&#xE38;&#xE02; &#xE44;&#xE21;&#xE48;&#xE21;&#xE35;&#xE2B;&#xE25;&#xE07; -- &#xE1A;&#xE17;&#xE17;&#xE35;&#xE48; 4 &#xE23;&#xE27;&#xE21;&#xE2A;&#xE39;&#xE15;&#xE23;&#xE2D;&#xE32;&#xE2B;&#xE32;&#xE23;&#xE07;&#xE48;&#xE32;&#xE22;&#xE46; &#xE40;&#xE1E;&#xE37;&#xE48;&#xE2D;&#xE2A;&#xE38;&#xE02;&#xE20;&#xE32;&#xE1E;&#xE41;&#xE25;&#xE30;&#xE04;&#xE27;&#xE32;&#xE21;&#xE07;&#xE32;&#xE21; &#xE25;&#xE14;&#xE2B;&#xE38;&#xE48;&#xE19;&#xE14;&#xE49;&#xE27;&#xE22;&#xE2D;&#xE32;&#xE2B;&#xE32;&#xE23;&#xE17;&#xE35;&#xE48;&#xE23;&#xE31;&#xE1A;&#xE1B;&#xE23;&#xE30;&#xE17;&#xE32;&#xE19;&#xE17;&#xE38;&#xE01;&#xE27;&#xE31;&#xE19;! &#xE40;&#xE19;&#xE23;&#xE21;&#xE34;&#xE15;&#xE1C;&#xE34;&#xE27;&#xE2A;&#xE27;&#xE22;! &#xE2A;&#xE14;&#xE43;&#xE2A;&#xE2D;&#xE48;&#xE2D;&#xE19;&#xE40;&#xE22;&#xE32;&#xE27;&#xE4C;&#xE17;&#xE31;&#xE49;&#xE07;&#xE23;&#xE48;&#xE32;&#xE07;&#xE01;&#xE32;&#xE22;&#xE41;&#xE25;&#xE30;&#xE2A;&#xE21;&#xE2D;&#xE07;! &#xE2A;&#xE14;&#xE43;&#xE2A;&#xE2D;&#xE48;&#xE2D;&#xE19;&#xE40;&#xE22;&#xE32;&#xE27;&#xE4C;&#xE17;&#xE31;&#xE49;&#xE07;&#xE23;&#xE48;&#xE32;&#xE07;&#xE01;&#xE32;&#xE22;&#xE41;&#xE25;&#xE30;&#xE2A;&#xE21;&#xE2D;&#xE07;!.</subfield>
  </datafield>
  <datafield tag="650" ind1=" " ind2="4">
    <subfield code="9">10701</subfield>
    <subfield code="a">&#xE01;&#xE32;&#xE23;&#xE14;&#xE39;&#xE41;&#xE25;&#xE2A;&#xE38;&#xE02;&#xE20;&#xE32;&#xE1E;&#xE14;&#xE49;&#xE27;&#xE22;&#xE15;&#xE19;&#xE40;&#xE2D;&#xE07;</subfield>
  </datafield>
  <datafield tag="650" ind1=" " ind2="4">
    <subfield code="9">21642</subfield>
    <subfield code="a">&#xE01;&#xE32;&#xE23;&#xE25;&#xE14;&#xE04;&#xE27;&#xE32;&#xE21;&#xE2D;&#xE49;&#xE27;&#xE19;</subfield>
  </datafield>
  <datafield tag="650" ind1=" " ind2="4">
    <subfield code="9">16170</subfield>
    <subfield code="a">&#xE01;&#xE32;&#xE23;&#xE2D;&#xE2D;&#xE01;&#xE01;&#xE33;&#xE25;&#xE31;&#xE07;&#xE01;&#xE32;&#xE22;</subfield>
  </datafield>
  <datafield tag="650" ind1=" " ind2="4">
    <subfield code="9">37214</subfield>
    <subfield code="a">&#xE2A;&#xE38;&#xE02;&#xE20;&#xE32;&#xE1E;&#xE01;&#xE31;&#xE1A;&#xE04;&#xE27;&#xE32;&#xE21;&#xE07;&#xE32;&#xE21;</subfield>
  </datafield>
  <datafield tag="650" ind1=" " ind2="4">
    <subfield code="9">12351</subfield>
    <subfield code="a">&#xE2D;&#xE32;&#xE2B;&#xE32;&#xE23;&#xE40;&#xE1E;&#xE37;&#xE48;&#xE2D;&#xE2A;&#xE38;&#xE02;&#xE20;&#xE32;&#xE1E;</subfield>
  </datafield>
  <datafield tag="700" ind1="0" ind2=" ">
    <subfield code="9">21641</subfield>
    <subfield code="a">&#xE40;&#xE21;&#xE18;&#xE34;&#xE19;&#xE35; &#xE19;&#xE38;&#xE0A;&#xE19;&#xE32;&#xE04;&#xE32;</subfield>
  </datafield>
  <datafield tag="850" ind1=" " ind2=" ">
    <subfield code="a">NALT</subfield>
  </datafield>
  <datafield tag="942" ind1=" " ind2=" ">
    <subfield code="2">lcc</subfield>
    <subfield code="c">GB</subfield>
  </datafield>
  <datafield tag="996" ind1=" " ind2=" ">
    <subfield code="a">kornsiririn.r</subfield>
    <subfield code="b">CATSTF	</subfield>
    <subfield code="c">2023-09-18</subfield>
  </datafield>
  <datafield tag="999" ind1=" " ind2=" ">
    <subfield code="c">103169</subfield>
    <subfield code="d">103169</subfield>
  </datafield>
  <datafield tag="998" ind1=" " ind2=" ">
    <subfield code="j">3099</subfield>
    <subfield code="k"> &#xE1E;&#xE23;&#xE27;&#xE34;&#xE17;&#xE39;  &#xE42;&#xE04;&#xE49;&#xE27;&#xE04;&#xE0A;&#xE32;&#xE20;&#xE23;&#xE13;&#xE4C;</subfield>
  </datafield>
  <datafield tag="952" ind1=" " ind2=" ">
    <subfield code="0">0</subfield>
    <subfield code="1">0</subfield>
    <subfield code="2">lcc</subfield>
    <subfield code="4">0</subfield>
    <subfield code="7">0</subfield>
    <subfield code="8">CSEN</subfield>
    <subfield code="a">NALT</subfield>
    <subfield code="b">NALT</subfield>
    <subfield code="c">GEN</subfield>
    <subfield code="d">2023-09-18</subfield>
    <subfield code="l">0</subfield>
    <subfield code="o">RA 777.6 &#xE0A;576&#xE01; 2558</subfield>
    <subfield code="p">0100009875001</subfield>
    <subfield code="r">2023-10-31 00:00:00</subfield>
    <subfield code="w">2023-09-18</subfield>
    <subfield code="y">GB</subfield>
  </datafield>
</record>
